Reactive power control in electric systems

Saved in:
Bibliografiske detaljer
Hovedforfatter: Miller, Timothy John Eastham (autor)
Format: Bog
Sprog:engelsk
Udgivet: Nueva York John Wiley 1982
Fag:
Tags: Tilføj Tag
Ingen Tags, Vær først til at tagge denne postø!

MARC

LEADER 00000nam a2200000 a 4500
001 UCU5385
003 CL-VaPUC
008 960531e19820000US |||||||||||||||||eng|d
082 0 4 |a 621.31  |b MIL  |2 21 
100 |a Miller, Timothy John Eastham  |e autor  |9 564418 
245 1 0 |a Reactive power control in electric systems 
300 |a 381 p 
942 |c BK 
945 |d 19960531 00:00:00  |a paguirre 
260 |a Nueva York  |b John Wiley  |c 1982 
650 0 |a Energía eléctrica  |9 256678 
650 0 |a Voltaje   |9 362861 
650 7 |a POTENCIA  |2 CL-VaPUC  |9 363358 
650 0 |a Circuitos eléctricos   |9 260262 
650 7 |a CONDENSADORES ELECTRICOS  |2 CL-VaPUC  |9 363359 
583 |a last modification  |c 19960531 00:00:00  |k Rodrigo Vera 
999 |c 248763  |d 248761 
952 |0 0  |1 0  |4 0  |6 621_310000000000000_MIL_1982  |7 0  |8 A  |9 265601  |a BIBING  |b BIBING  |d 2019-11-19  |i 1673351  |o 621.31 MIL 1982  |p 1673351  |r 2025-01-20  |w 2019-11-19  |y BK  |k ING